• 首页
  • 本馆介绍
  • 公告通知
  • 最新文献
  • 馆藏检索
  • 电子资源
  • 读者导购
  • 参考咨询
  • 我的图书馆
  • 登录
  • 详细信息显示
  • 放入我的书架
  • 预约/预借图书
  • 作者相关作品
  • 分类相关作品
  • 丛书相关作品
  • 出版社相关作品

书目信息

  • 表格格式
  • 工作单格式
  • 卡片格式
题名:
战争的原因
    
 
作者: 斯蒂芬·范·埃弗拉 , 何曜 著
分册:  
出版信息:   上海人民出版社  2007
页数: 314页
开本: 16开
丛书名: 东方编译所译丛
单 册:
中图分类: D068
科图分类:
主题词:
电子资源:
ISBN: 7-208-06379-6
000 01231oam2 2200241 450
001 1252999265
005 20121004144423.95
010    @a7-208-06379-6@dCNY30.00
100    @a20070315d2007 em y0chiy0110 ea
101 0  @achi
102    @aCN@b310000
105    @ay z 000yy
200 1  @a战争的原因@AZhan Zheng De Yuan Yin@f(美)斯蒂芬·范·埃弗拉著;何曜译
210    @c上海人民出版社@d2007
215    @a314页@d16开
225 2  @a东方编译所译丛@ADong Fang Bian Yi Suo Yi Cong
330    @a东方编译所译丛之一。作者是防御性现实主义理论的代表人物之一。本书对战争的原因提出了五点假设,并分别进行分析和论证。(1)对危机和战争的结果持有错误的乐观主义情绪,或者低估战争所需要的成本,容易导致战争。(2)如果首先有所行动或发起攻击的一方占有一定的优势,那么战争就容易爆发。(3)相对权利(作者称为“窗口”,windows)的变化容易导致战争。(4)当对资源的控制使一个国家要去保护其他一些资源时,战争更容易爆发。(5)征服越容易,战争就容易爆发。在我们这个仍然存在战争和冲突的世界里,研究战争的原因不是为了宣扬战争,而是为了避免许多原本可以避免的战争。
461  0 @12001 @a东方编译所译丛
690    @aD068@v4
701  0 @a斯蒂芬·范·埃弗拉@4著
701  0 @a何曜@ASi Di Fen Fan Ai Fu La@4译
801  0 @aCN@bNLC@c20101222
905    @a10447@dD068@eJY102
    
    战争的原因/(美)斯蒂芬·范·埃弗拉著;何曜译.-上海人民出版社,2007
    314页;16开.-(东方编译所译丛)
    
    
    ISBN 7-208-06379-6:CNY30.00
    东方编译所译丛之一。作者是防御性现实主义理论的代表人物之一。本书对战争的原因提出了五点假设,并分别进行分析和论证。(1)对危机和战争的结果持有错误的乐观主义情绪,或者低估战争所需要的成本,容易导致战争。(2)如果首先有所行动或发起攻击的一方占有一定的优势,那么战争就容易爆发。(3)相对权利(作者称为“窗口”,windows)的变化容易导致战争。(4)当对资源的控制使一个国家要去保护其他一些资源时,战争更容易爆发。(5)征服越容易,战争就容易爆发。在我们这个仍然存在战争和冲突的世界里,研究战争的原因不是为了宣扬战争,而是为了避免许多原本可以避免的战争。
●
相关链接 在E读中查询图书 在五车中查询图书 在当当中查询图书 在豆瓣中查询图书


正题名:战争的原因     索取号:D068/JY102         预约/预借

序号 登录号 条形码 馆藏地/架位号 状态 备注
1 7811423   278114238   学院路分馆/ [索取号:D068/JY102] 在馆    
2 7811424   278114247   学院路分馆/ [索取号:D068/JY102] 在馆    
唐山师范学院图书馆 欢迎您!
大连网信软件有限公司© 版权所有